Normal view
MARC view
- Muhammad Awais Aslam, Khawaja M. Hadi Butt, Syed Muqurrab Ali Zaidi
Entry Personal Name
001 - CONTROL NUMBER
- control field: 55049
003 - CONTROL NUMBER IDENTIFIER
- control field: NUST
005 - DATE AND TIME OF LATEST TRANSACTION
- control field: 20210421120127.0
008 - FIXED-LENGTH DATA ELEMENTS
- fixed length control field: 210421|| aca||aabn | a|a d
040 ## - CATALOGING SOURCE
- Original cataloging agency: NUST
- Transcribing agency: NUST
100 ## - HEADING--PERSONAL NAME
- Personal name: Muhammad Awais Aslam, Khawaja M. Hadi Butt, Syed Muqurrab Ali Zaidi
670 ## - SOURCE DATA FOUND
- Source citation: Work cat.: (NUST): Muhammad Awais Aslam, Khawaja M. Hadi Butt, Syed Muqurrab Ali Zaidi., Development of PMMA-HA composite Bone Cements for bone fixation with CD (UG-MAT-2016), 2016SCME
